Statistics for Fetty Wap Discography

Click here to take the quiz!

General Stats

  • This quiz has been taken 11 times
    (4 since last reset)
  • The average score is 5 of 15

Answer Stats

YearNameType% Correct
2015Fetty WapAlbum
67%
2015For My FansEP
67%
2017For My Fans 2Mixtape
67%
2018For My Fans 3: The Final ChapterMixtape
67%
TBAKing ZooAlbum
67%
2018Bruce WayneMixtape
33%
2015Coke ZooCollaborative Mixtape
33%
2016RGF Island, Vol. 1Compilation
33%
2020Trap & BMixtape
33%
2016ZoovierMixtape
33%
2017Lucky No. 7EP
0%
2016Money, Hoes & FlowsCollaborative Mixtape
0%
2014Up NextMixtape
0%
2016Zoo '16Mixtape
0%
2015Zoo StyleMixtape
0%

Score Distribution

Percentile by Number Answered

Percent of People with Each Score

Your Score History

You have not taken this quiz since the last reset